[Event "Baku FIDE GP"]
[Site "Baku"]
[Date "2008.04.23"]
[Round "3"]
[White "Navara, David"]
[Black "Grischuk, Alexander"]
[Result "0-1"]
[WhiteElo "2672"]
[BlackElo "2716"]
[Annotator "Postny,E"]
[PlyCount "172"]
[EventDate "2008.04.21"]
[EventType "tourn"]
[EventRounds "13"]
[EventCountry "AZE"]
[EventCategory "19"]
[SourceTitle "CBM 124"]
[Source "ChessBase"]
[SourceDate "2008.05.28"]
[SourceVersion "1"]
[SourceVersionDate "2008.05.28"]
[SourceQuality "1"]

1. c4 Nf6 2. d4 c6 3. Nf3 d5 4. e3 Bf5 5. Nc3 e6 6. Nh4 {This is White's only
way to fight for a slight opening advantage, counting on a pair of bishops in
the long run.} Bg6 ({Black can also retreat with the bishop after provoking
some concession:} 6... Be4 7. f3 Bg6) (6... Bg4 7. f3 Bh5 8. g4 Bg6 {However,
practice has showed that White's advanced pawns on the kingside usually yield
him more space rather than permanent weaknesses.}) 7. Be2 ({Other common way
of development is} 7. Nxg6 hxg6 8. Bd2 Nbd7 9. Rc1 {keeping an option to
develop the light-squared bishop either to e2 or g2.}) 7... Nbd7 8. O-O Bd6 9.
g3 O-O 10. Nxg6 hxg6 11. b3 {David Navara had already played this position as
White.} Qe7 (11... a6 12. Bf3 b5 13. Bd2 Bc7 14. Rc1 bxc4 15. bxc4 Nb6 16. cxd5
cxd5 17. Na4 Nc4 18. Bb4 Bd6 19. Bxd6 Nxd6 20. Be2 Qa5 $11 {1/2-1/2 Ponomariov,
R (2706)-Navara,D (2656)/Carlsbad 2007/CBM 120 (31)}) 12. a3 {Restricting the
possibilities of Black's bishop.} (12. Bf3 Rac8 13. Bd2 Rfd8 14. Bg2 Ba3 15.
Rb1 Bb4 16. Qe1 a5 17. Rc1 dxc4 18. bxc4 e5 19. Ne2 exd4 20. Nxd4 Ne5 $15 {
0-1 Rodshtein,M (2626)-Khismatullin,D (2584)/Dagomys RUS 2008/The Week in
Chess 701 (40)}) 12... Rfd8 13. Bf3 Rac8 14. Bb2 Bb8 15. Rc1 Bd6 $1 {I guess,
this is an important psychological moment in the game. Grischuk does not mind
draw ing with Black. However, according to "Sofia rules", which applied in
this tournament, players are not allowed to agree on a draw without an
arbiter's permission. Therefore, White is the first side that must avoid the
repetition. Actually, even without these "Sofia rules", David would never
agree to a draw in the opening...} (15... dxc4 $6 16. bxc4 Ne5 17. Be2 c5 18.
d5 $14) 16. c5 {Of course not 16.Ra1...} Bb8 17. Bg2 $2 {Threatening to play
18.f4 but, Black is in time to push e6-e5. It was better to prepare the
counterstrike e3-e4.} (17. Re1 $1 e5 18. e4 $1 exd4 (18... dxe4 19. Nxe4 Nxe4
20. Bxe4 f5 21. Bg2 e4 22. f3 e3 23. Qd3 f4 24. Qxg6 $14) 19. exd5 Ne5 (19...
Qxc5 $6 20. dxc6 dxc3 21. cxb7 Rc7 22. Rxc3 {with great compensation for the
piece. The Pb7 is very strong.}) 20. Nb1 $1 (20. Na4 Nxd5 21. Bxd5 Rxd5 22. f4
d3 $1 {[%cal Gd3d2]} 23. Re3 d2 24. Rc2 Nf3+ $1 25. Rxf3 Qe1+ 26. Rf1 Qe3+ 27.
Kg2 Qe4+ 28. Kg1 (28. Rf3 $4 Qxc2 $1 $19) 28... Qe3+ $11) 20... Nxd5 (20...
cxd5 21. Bg2 Ne4 22. b4 $14) 21. Bxd5 Rxd5 22. f4 Rxc5 23. Nd2 {In this case
Black would not get enough for the knight.}) 17... e5 18. b4 e4 {Seizing space
on the kingside. I would already prefer the black side here. His plan of
developing the kingside offensive might be as follows: g6-g5-g4 followed by
Nd7-f8-e6-g5-f3, or g7-g6, Kg8-g7 and transferring his major pieces to an open
h-file. White should now seek some simplifications.} 19. f4 $5 {The downside
of this move is quite clear. Black will get a target along the e-file. On the
other hand, if White tried to slowly prepare his queenside offensive, Black's
initiative on the kingside would become very dangerous.} (19. b5 {is met by} b6
$1 20. cxb6 Nxb6 {and the knight will occupy an excellent c4 outpost.}) 19...
exf3 20. Qxf3 Re8 21. Rce1 {[%cal Ge3e4]} Ne4 $1 22. Nxe4 dxe4 $15 {Black has
closed the e-file, but vacated an excellent d5 square for his knight.} 23. Qf2
Nf6 24. d5 $1 {Otherwise, after Nf6-d5 White's dark-squared bishop will not be
worth more than a pawn.} Nxd5 25. Bxe4 Nf6 26. Bf3 (26. Bxf6 gxf6 27. Bc2 Be5
$15) 26... Be5 27. Bd4 Rcd8 28. a4 a6 29. b5 $1 {Navara is correctly
exchanging as many pawns as possible.} axb5 30. axb5 cxb5 31. c6 bxc6 32. Bxc6
Rf8 (32... Ng4 {is tempting but not so effective.} 33. Qf3 Bxd4 34. Bxe8 Bxe3+
35. Kh1 Rxe8 36. Qxg4 $11) 33. Bxb5 Bxd4 34. exd4 Qb4 35. Rb1 Qxd4 36. Qxd4
Rxd4 37. Rfd1 Rfd8 38. Rxd4 Rxd4 {Objectively speaking this endgame should be
drawn. However, White has to be accurate in his defence and it is very easy to
go astray.} 39. Bc6 Ng4 40. Rb2 Ne5 41. Bb5 g5 42. Be2 Rd7 43. Kf2 g6 44. Rb4
f5 45. h4 {Any pawn exchange favours the defending side.} g4 46. Rf4 {[%cal
Gh4h5]} Rh7 {Preventing h4-h5.} 47. Ra4 Rb7 48. Rf4 Rb2 {Of course, Black must
activate his rook if he wants to have any practical chances of success.} 49.
Ke1 Kg7 50. h5 Kf6 51. hxg6 Nxg6 52. Ra4 Kg5 53. Ra8 Ne7 54. Rd8 Ra2 55. Rd6
Ng8 56. Ra6 Rc2 57. Ra7 Nf6 58. Bd3 Rc3 59. Kd2 Rc5 60. Ke3 $2 {The decisive
mistake.} ({It was necessary to bring the rook to the 3rd rank:} 60. Ra3 Nh5
61. Be2 {[%csl Yg3][%cal Ya3g3]}) 60... Nh5 61. Kf2 Rc3 62. Rd7 Rb3 {The
following check on the 2nd rank is decisive. White loses the Pg3.} 63. Rd4 Ra3
64. Rd8 Ra2+ 65. Ke3 Nxg3 {Two extra pawns promise Black an easy win, even
though some accuracy is still required.} 66. Rg8+ Kf6 67. Rf8+ Ke7 68. Rh8 (68.
Rxf5 Nxf5+ 69. Bxf5 g3 $19 {[%csl Gg3][%cal Gg3g2,Gg2g1]}) 68... Kf6 69. Rf8+
Kg7 70. Rd8 Ra4 71. Rd6 f4+ 72. Kf2 Ne4+ 73. Bxe4 Rxe4 74. Ra6 Kf7 75. Rb6 Re6
76. Rb8 Kf6 77. Rg8 Kf5 78. Rf8+ Rf6 79. Rh8 Kg5 80. Rg8+ Rg6 81. Rf8 Rh6 82.
Rg8+ Kh4 83. Rf8 Kh3 $1 {The safest way, giving up one pawn and transposing to
an easy theoretical win.} 84. Rxf4 Ra6 85. Rf8 Ra2+ 86. Kg1 Ra1+ 0-1

[Event "Baku FIDE GP"]
[Site "Baku"]
[Date "2008.05.04"]
[Round "12"]
[White "Gashimov, Vugar"]
[Black "Grischuk, Alexander"]
[Result "1-0"]
[WhiteElo "2679"]
[BlackElo "2716"]
[Annotator "Gashimov,V"]
[PlyCount "65"]
[EventDate "2008.04.21"]
[EventType "tourn"]
[EventRounds "13"]
[EventCountry "AZE"]
[EventCategory "19"]
[SourceTitle "CBM 124"]
[Source "ChessBase"]
[SourceDate "2008.05.28"]
[SourceVersion "1"]
[SourceVersionDate "2008.05.28"]
[SourceQuality "1"]

{Before this game, I was in an unaccustomed situation, since I understood that
winning it would virtually guarantee me victory in the tournament. On the
other hand, I did not set myself the task of beating Grischuk at all costs,
come what may, but I did prepare very seriously for the game. Vor dieser
Partie war in in einer ungewohnten Situation, denn ich begriff, dass mir ein
Sieg praktisch den Turniersieg garantieren würde. Andererseits stelle ich mir
nicht die Aufgabe, Grischuk um jeden Preis zu schlagen, komme was da wolle,
aber ich bereitete mich sehr gewissenhaft auf die Partie vor.} 1. e4 e5 2. Nf3
Nc6 3. Bb5 a6 4. Ba4 d6 5. O-O Bg4 {I was pleasantly surprised by this, since
I had not expected my opponent to repeat this risky variation, which he had
already used against Svidler. But Sasha never even dreamt that I had a secret
weapon waiting for him. Das war eine angenehme Überraschung für mich, denn ich
hatte nicht erwartet, dass mein Gegner diese riskante Variante wiederholen
würde, welche er bereits gegen Svidler angewandt hatte. Aber Sasha hätte sich
nie träumen lassen, dass ihn eine Geheimwaffe erwartete.} 6. h3 h5 7. d4 b5 8.
Bb3 Nxd4 9. hxg4 Nxb3 (9... hxg4 10. Ng5 Nh6 {is also possible, but in this
case, Black's position is still not enviable. ist auch möglich, aber auch in
diesem Fall ist Schwarz um seine Stellung nicht zu beneiden.}) 10. axb3 hxg4
11. Ng5 Qd7 {This has all been seen before. Here White usually continues 12.c4.
All dies hat man schon zuvor gesehen. Hier setzt Weiß meist mit 12.c4 fort.}
12. Qd3 $1 $146 {After playing this move, I went to the rest room, but I had
to sit there for a long time, since Sasha now thought for over an hour. Indeed,
at one moment, I even fell asleep for 10 minutes! Nachdem ich diesen Zug
gespielt hatte, ging ich in den Ruheraum, doch ich musste lange dort sitzen,
denn Sasha dachte nun über eine Stunde nach. Tatsächlich schlief ich sogar für
10 Minuten ein!} Rb8 (12... f6 $2 13. Qd5 c6 14. Qe6+ Qe7 15. Rxa6 $18) (12...
c6 13. c4 {Now c4 is necessary, because Black's has seriously weakened his
position. Nun ist c4 nötig, da Schwarz seine Stellung ernsthaft geschwächt hat.
} b4 14. c5 f6 15. Nd2 $16 fxg5 16. Nc4 Qf7 17. Rd1 Qh5 18. Kf1) 13. Rxa6 f6
14. Nc3 {Black regains his piece, but White has managed to do without the move
c4, which is not required in this position. Schwarz gewinnt seine Figur zurück,
aber Weiß hat es geschafft, ohne den Zug c4 auszukommen, welcher in dieser
Stellung nicht erforderlich ist.} fxg5 15. Bxg5 Be7 ({Black does not benefit
from Keinen Nutzen zieht Schwarz aus} 15... Qf7 16. Nxb5 Qh5 17. f4 Qh2+ 18.
Kf2 Rh3 19. Qc4 Rf3+ 20. Ke1 Qg3+ 21. Kd1 {In this variation, too, the value
of the move Qd3 is clearly seen, since from c4, the queen sets up a number of
mating threats against the black king. Auch in dieser Variante ist der Wert
des Zuges Qd3 eindeutig ersichtlich, denn von c4 aus stellt die Dame eine
Reihe von Mattdrohungen gegen den schwarzen König auf.}) 16. f4 $5 {I had this
position on my board at home. Diese Stellung hatte ich zuhause auf dem Brett.}
(16. Be3 Nf6 17. Nd5 Nxd5 18. Qxd5 {also gives White the advantage. gibt Weiß
ebenfalls Vorteil.}) 16... gxf3 $6 (16... c6 17. Qe3 Bxg5 18. fxg5 Ne7 19. Ra7
{although White's advantage is indisputable. , wenngleich der weiße Vorteil
unbestreitbar ist.}) 17. Qxf3 Nf6 18. Nd5 {This was the first move I really
thought about, all the preceding moves having been played quickly. I had not
examined this position in detail at home, since I understood very well hat
White was much better, and decided to work it out at the board, if the
position arose. Dies war der erste Zug, über den ich wirklich nachdachte; alle
vorangegangenen Züge waren schnell erfolgt. Ich hatte diese Stellung zu Hause
nicht im Detail analysiert, da ich mir im klaren war, dass Weiß deutlich
besser steht, und daher beschloss, im Bedarfsfall alles am Brett auszuarbeiten.
} Nxd5 {This is Black's last chance, hoping for a mistake from White. Dies ist
die letzte Chance für Schwarz, hoffend auf einen Fehler von Weiß.} ({He also
loses after} 18... O-O 19. Bxf6 Bxf6 20. Ra7 Bg5 21. Rxc7 Rxf3 22. Rxd7 $18)
19. Qf7+ Kd8 20. Qxg7 $18 Kc8 21. Qxh8+ Kb7 22. Qh7 $1 {Notwithstanding my
opponent's great time-trouble, I never for a moment tried to play on the time
factor, but instead examined and checked every move thoroughly. Trotz der
großen Zeitnot meines Gegners versuchte ich keine Sekunde lang, auf Zeit zu
spielen, sondern überprüfte stattdessen immer gründlich jeden Zug.} (22. Qg7 $2
Qg4 23. exd5 Qd4+ 24. Rf2 Bxg5 25. Qxg5 Qd1+ 26. Rf1 Qd4+ $11) 22... Qg4 23.
exd5 Qd4+ (23... Bxg5 24. Ra7+ $1) 24. Kh1 Bxg5 25. Rfa1 Be3 26. Ra7+ Qxa7 27.
Rxa7+ Bxa7 28. g4 Rf8 29. g5 Rf2 30. Qe4 Rf1+ 31. Kh2 Rf4 32. Qxf4 $1 {An
effective finish. Ein effektvolles Finale!} exf4 33. c3 1-0

[Event "Sochi FIDE GP"]
[Site "Sochi"]
[Date "2008.08.06"]
[Round "6"]
[White "Cheparinov, Ivan"]
[Black "Grischuk, Alexander"]
[Result "1-0"]
[WhiteElo "2687"]
[BlackElo "2728"]
[Annotator "Postny,E"]
[PlyCount "109"]
[EventDate "2008.07.31"]
[EventType "tourn"]
[EventRounds "13"]
[EventCountry "RUS"]
[EventCategory "19"]
[SourceTitle "CBM 126"]
[Source "ChessBase"]
[SourceDate "2008.10.01"]
[SourceVersion "1"]
[SourceVersionDate "2008.10.01"]
[SourceQuality "1"]

1. d4 d5 2. c4 c6 3. Nf3 Nf6 4. e3 Bf5 5. Nc3 e6 6. Nh4 Bg6 {Black can also
choose 6...Bg4 or 6...Be4, but the move in the text is considered as the most
solid option.} 7. Qb3 Qc7 8. Nxg6 {White has no reason to delay this exchange
as, in some cases the black bishop might run away to h5.} hxg6 9. Bd2 Nbd7 10.
cxd5 {An alternative plan of developing the bishop to g2 followed by kingside
castling usually brings Black no troubles.} (10. g3 Be7 11. Rc1 Nb6 12. cxd5
exd5 13. Bg2 Nc4 14. Qc2 Qd7 15. Na4 O-O 16. O-O Rfe8 17. Bc3 Qf5 18. b3 Nd6
19. Nc5 Nfe4 20. Bb4 a5 21. Ba3 Nxc5 22. Bxc5 Qxc2 23. Rxc2 Nb5 $11 {0-1
Azmaiparashvili,Z (2674)-Gelfand,B (2701)/Moscow 2001/CBM 086 (68)}) 10... exd5
11. O-O-O a5 (11... Nb6 12. h3 (12. f3 $5 Rxh2 13. Rxh2 Qxh2 14. e4 O-O-O 15.
e5 Ne8 16. a4 $44 {[%cal Ga4a5,Ga5a6]}) 12... Be7 13. Kb1 a5 14. Bd3 a4 15. Qc2
Nc4 16. Bxc4 dxc4 17. a3 b5 18. Na2 O-O 19. e4 c5 20. dxc5 Bxc5 $11 {1-0
Koneru,H (2537)-Sharma,D (2370)/Visakhapatnam 2006/CBM 111 ext (45)}) 12. f3 $6
(12. Bd3 {seems logical. Now} a4 $2 {does not work} ({Black should play} 12...
Be7 {with a double-edged position.}) {in view of} 13. Nxa4 b5 14. Nc3 b4 15.
Na4 Qa7 16. Bc2 $16) 12... a4 $1 13. Qc2 ({The pawn is taboo. After} 13. Nxa4
$2 b5 14. Nc3 b4 15. Ne2 c5 16. Qc2 c4 {Black gets a smashing attack.}) 13...
a3 14. b3 Bb4 $6 {Actually, I didn't understand why both players ignored the
Ph2. Here are some sample variations that could arise:} (14... Rxh2 15. Rxh2 (
15. Nb5 {is just a waste in view of} Qb8) 15... Qxh2 16. e4 dxe4 17. Nxe4 (17.
fxe4 Bb4 18. e5 Bxc3 19. Bxc3 Nd5 $15) 17... Be7 18. Re1 Kf8 19. Bc4 Nd5 (19...
Qxg2 $4 20. Nxf6 Nxf6 21. Rxe7 $1 Kxe7 22. Bb4+ {[%csl Rg2]}) 20. g3 N7b6 21.
Qd1 {[%cal Ge1h1,Gh1h8]} Kg8 22. Rh1 Qg2 {The queen is not trapped, Black has
nothing to worry about.}) 15. Kb1 {Threatening 16.Nb5.} Qb6 16. g4 O-O (16...
O-O-O $2 17. g5 $16 {[%csl Rd5]}) 17. h4 {White's kingside offensive seems to
be dangerous. However, the position is still far from being clearly better for
White; Black's resources in the centre should not be underestimated.} Rfe8 (
17... c5 18. dxc5 Qxc5 19. g5 Rfc8 $1 (19... Nh5 $2 20. Nxd5 $1 $16) 20. gxf6
Bxc3 21. Bh3 Bxd2 22. Qxd2 Rc7 23. Bxd7 Rxd7 24. fxg7 $14) (17... Rac8 18. Bh3
{[%cal Gg4g5] is annoying for Black.}) 18. Rc1 Qa5 (18... c5 19. dxc5 Qxc5 20.
g5 Nh5 21. Nxd5 Qxd5 22. Bxb4 Qxf3 23. Bg2 Qxe3 24. Rhd1 Ne5 25. Bd6 $14 {
White's bishops are very strong.}) 19. Bd3 (19. h5 g5 20. Bd3 Nf8 (20... Rac8
$2 21. h6 g6 22. Bxg6 $18) 21. h6 g6 {and White's h-pawn is actually the key
defender of Black's king.}) 19... Nf8 20. h5 g5 21. Bf5 Rad8 22. Qd3 {Neither
sides has succeeded in opening files against the opponent's king, therefore
both are trying to concentrate all forces in the centre.} b6 23. Rc2 c5 24. Rd1
Re7 $6 {Black should not double his rooks along the e-file. It was more
important to bring the Nf8 into play.} (24... Ne6 $1 {with the idea 25...cxd4
and 26...Nf4. In this case some spectacular variations could appear in which
one of the sides is forced to give a perpetual check.} 25. Bxe6 (25. Nb5 Bxd2
26. Rdxd2 (26. Rcxd2 $2 Qb4 {[%csl Rb5][%cal Gc5c4]}) 26... Qb4 27. dxc5 bxc5
28. Bxe6 c4 29. Bxf7+ Kxf7 30. Qg6+ Kg8 31. h6 Rd7 32. Rxd5 cxb3 33. Rxd7 bxc2+
34. Kxc2 Qb2+ 35. Kd1 Qa1+ 36. Ke2 Qb2+ 37. Kd1 Qa1+ 38. Ke2 $11) 25... Rxe6
26. Qf5 cxd4 27. exd4 Rc8 28. Rdc1 (28. Nxd5 Rxc2 29. Nxf6+ Rxf6 30. Qxc2 Bxd2
31. Rxd2 Rxf3 32. Qc8+ Kh7 33. Qc2+ $11) 28... Rec6 29. h6 gxh6 $1 30. Nxd5
Qxd5 31. Rxc6 Rxc6 32. Rxc6 Qxd4 $1 33. Qxf6 (33. Bc1 Nd5 34. Rc4 Qd1 35. Rc8+
Kg7 36. Qe5+ f6 37. Qe4 Nc3+ 38. Rxc3 Bxc3 39. Qe7+ $11) 33... Qd3+ $1 34. Ka1
Qxd2 35. Rc8+ Bf8 36. Kb1 Qd1+ 37. Rc1 Qd3+ 38. Rc2 Qd1+ $11) 25. Bc1 $1 Rc7 (
25... Ne6 {Now it's weaker than on the previous move.} 26. Nb5 Nc7 27. Nxc7
Rxc7 28. e4 dxe4 29. fxe4 Rxd4 30. Qxd4 cxd4 31. Rxc7 $16) 26. Ne2 Re7 {
Black's last few moves show that Grischuk lost his way...} 27. Ng1 $1 {The
knight is going to h3 to attack the Pg5.} (27. e4 $6 dxe4 28. fxe4 cxd4 29.
Bxg5 Ne6 30. Bxf6 gxf6 {is far from clear.}) 27... Rde8 $2 {The doubling along
the e-file brings Black no benefits. This was the last chance to bring the
knight into the battle.} (27... Ne6 28. Nh3 $140 c4 $1 {By this pawn sacrifice
Black is getting an access to the important c3-square.} 29. bxc4 dxc4 30. Rxc4
b5 31. Rc6 Nd5 32. Qb3 Nc3+ 33. Rxc3 Bxc3 34. Qxa3 Qc7 {with unclear
consequences.}) 28. Nh3 cxd4 (28... N8h7 {is just too passive to be acceptable.
}) 29. exd4 Re1 30. Nf2 N6h7 31. Rxe1 Bxe1 (31... Rxe1 32. Rc8 Nf6 33. Nd1 $1
$16 {[%cal Gc1g5]}) 32. Re2 Rxe2 33. Qxe2 Bxf2 34. Qxf2 {The difference
between White's bishops and Black's knights is amazing. The position can be
evaluated as won for White.} g6 35. hxg6 fxg6 36. Bd3 Ne6 {Trying to activate
the pieces at the price of a pawn, but too late.} 37. Bxg6 Nhf8 38. Bf5 Qb4 39.
Qe3 (39. Qe2 Kf7 40. Qa6 Qxd4 41. Qb7+ Kf6 42. Bxa3 Qd1+ 43. Bc1 {is similar
to the game and winning for White as well.}) 39... Kf7 40. Qe5 Qxd4 41. Qb8 Qd1
42. Qxb6 Nd4 43. Qc7+ Ke8 44. Qc3 (44. Qe5+ Nfe6 45. Qxd5 {would have been
simpler.}) 44... Nxf5 (44... Nfe6 45. Qd3 Qxd3+ 46. Bxd3 Nxf3 47. Bxa3 $18) 45.
gxf5 d4 46. Qc2 Qf1 47. Qe4+ Kf7 48. Kc2 {Black's queen alone can't create any
serious threats.} Nh7 49. Qd5+ Kg7 50. Qd7+ Kg8 51. Qe6+ Kh8 52. Qe8+ Kg7 53.
Qg6+ Kh8 54. f6 d3+ 55. Kb1 1-0